000 01654cam a22004577a 4500
001 000092912
003 CHAP
005 20220329142910.0
008 050121d2004 mx a r 00110 spa d
010 _a89378
011 _a90350
035 _a100906
040 _cCHAP
090 _aTesis
100 0 0 _aAyala Guerrero, Nelzon.
_98943
245 1 0 _aBeneficio, calidad física y fisiológica de semilla de tomate de cáscara (Physalis ixocarpa Brot.) en diferentes cortes /
_c/por Nelzon Ayala Guerrero.
260 _aChapingo, Méx. :
_bEl autor,
_c2004.
300 _a59 h. :
_bilus.
502 _aTesis (Ing. Agr. Esp. en Fitotecnia) - - UACH. Departamento de Fitotecnia
590 _aALEPH
_b10
_c20130110
_lUCH01
_h1503
590 _aBATCH-UPD
_b10
_c20130110
_lUCH01
_h0637
590 _aBATCH-UPD
_b10
_c20130410
_lUCH01
_h0321
590 _aBATCH-UPD
_b10
_c20130914
_lUCH01
_h0459
590 _aBATCH-UPD
_b10
_c20140324
_lUCH01
_h1448
590 _aBATCH-UPD
_b10
_c20141002
_lUCH01
_h0824
590 _aBATCH
_b00
_c20181121
_lUCH01
_h0758
590 _aCONVERSION
_b10
_c20130109
_lUCH01
_h1350
590 _aE792CSJ
_b10
_c20130621
_lUCH01
_h1011
650 1 4 _aSemillas
_xCalidad.
_9103881
650 1 4 _aSemillas
_xFisiología y morfología.
_9103902
650 1 4 _aSemillas
_xVigor.
_9103934
650 1 4 _aTomate verde
_xSemilla.
_9113836
856 _3Finding aid
_uhttp://10.13.5.2/tesis/100906.pdf
_zTeclea aquí
856 _a1
_n0000659
901 _aBK
905 _aLilia
942 _cCD
942 _n0
949 _aTesis
_bBC
_cTES
_d100906
_eTS1
_h43272
_i100906
_sb
949 _aTesis
_bBC
_cTES
_d33724000932398
_eTS2
_fc.2
_h43273
_i100906
_si
999 _c89378
_d89378